[Event "Mecklenburg VP-ch U12"]
[Site "Malchow"]
[Date "2018.02.07"]
[Round "6.6"]
[White "Sonntag, Jan Hendric"]
[Black "Boerger, Dan"]
[Result "1/2-1/2"]
[WhiteElo "1055"]
[BlackElo "1088"]
[PlyCount "39"]
[EventDate "2018.02.07"]
[EventType "swiss"]
[EventRounds "7"]
[EventCountry "GER"]
[SourceTitle "EXT 2022"]
[Source "ChessBase"]
[SourceDate "2021.10.06"]
[SourceVersion "1"]
[SourceVersionDate "2021.10.06"]
[SourceQuality "1"]

1. e4 c5 2. Nf3 a6 3. d4 cxd4 4. Nxd4 d6 5. Nc3 Nf6 6. Be3 e5 7. Nf3 Be7 8. Be2 Be6 9. 0-0 Nbd7 10. h3 Qc7 11. Qd2 0-0 12. Nd5 Nxd5 13. exd5 Bf5 14. c4 e4 15. Nd4 Bg6 16. Rac1 Rab8 17. Rc3 Bf6 18. Rcc1 Rfc8 19. Bg4 Qd8 20. Qb4 1/2-1/2

[Event "Mecklenburg VP-ch Youth"]
[Site "Malchow"]
[Date "2017.02.14"]
[Round "6.8"]
[White "Decker, Nils1111"]
[Black "Sonntag, Jan Hendric"]
[Result "1-0"]
[WhiteElo "895"]
[BlackElo "1092"]
[PlyCount "23"]
[EventDate "2017.02.08"]
[EventType "swiss"]
[EventRounds "7"]
[EventCountry "GER"]
[SourceTitle "EXT 2022"]
[Source "ChessBase"]
[SourceDate "2021.10.06"]
[SourceVersion "1"]
[SourceVersionDate "2021.10.06"]
[SourceQuality "1"]

1. e4 e5 2. Nf3 Nc6 3. Bb5 Bc5 4. Nc3 Nf6 5. 0-0 0-0 6. d3 h6 7. Ne1 d6 8. h3 Be6 9. Qf3 Nd4 10. Qg3 Bb4 11. Bxh6 Bxc3 12. Qxg7# 1-0

[Event "Mecklenburg VP-ch Youth"]
[Site "Malchow"]
[Date "2017.02.14"]
[Round "1.8"]
[White "Sonntag, Jan Hendric"]
[Black "Bohndorf, Jonas"]
[Result "1-0"]
[WhiteElo "1092"]
[BlackElo "729"]
[PlyCount "37"]
[EventDate "2017.02.08"]
[EventType "swiss"]
[EventRounds "7"]
[EventCountry "GER"]
[SourceTitle "EXT 2022"]
[Source "ChessBase"]
[SourceDate "2021.10.06"]
[SourceVersion "1"]
[SourceVersionDate "2021.10.06"]
[SourceQuality "1"]

1. e4 e5 2. Nf3 Nc6 3. Bc4 Nf6 4. Ng5 Bb4 5. Nxf7 Qe7 6. Nxh8 d6 7. Nc3 Bxc3 8. dxc3 Bg4 9. Qd3 0-0-0 10. Nf7 a6 11. Nxd8 Kxd8 12. Bg5 h6 13. Bxf6 Qxf6 14. f3 Bh5 15. 0-0-0 Qg5+ 16. Qd2 Qg6 17. g4 Bxg4 18. fxg4 Qxg4 19. Rhg1 1-0